Bài giảng cơ sở lý thuyết trường lượng tử

Uloženo v:
Podrobná bibliografie
Hlavní autor: Trần Công Phong
Médium: Kniha
Vydáno: Huế ĐH Huế 2002
Témata:
Tagy: Přidat tag
Žádné tagy, Buďte první, kdo otaguje tento záznam!
Thư viện lưu trữ: Trung tâm Học liệu Lê Vũ Hùng, Trường Đại học Đồng Tháp
LEADER 00881pam a22002778a 4500
001 00023710
008 110629s2002 ||||||Viesd
005 20171026081023.0
041 0 # |a Vie 
082 1 4 |a 530.14  |b B103GI 
100 0 # |a Trần Công Phong 
245 0 0 |a Bài giảng cơ sở lý thuyết trường lượng tử  |c Trần Công Phong 
260 # # |b ĐH Huế  |c 2002  |a Huế 
300 # # |a 99tr.  |c 29cm. 
500 # # |a ĐTTS ghi: ĐH Huế.Trường ĐHSP 
653 # # |a Lý thuyết 
653 # # |a bài giảng 
653 # # |a Vật lí 
653 # # |a Trường lượng tử 
852 # # |b Kho giáo trình  |j KGT.0006141 
852 # # |j KGT.0006141 
852 # # |b Kho mượn  |j KGT.0006141 
910 |d 29/06/2011 
980 # # |a Trung tâm Học liệu Lê Vũ Hùng, Trường Đại học Đồng Tháp